| 000 | 00635nam a2200145 a 4500 | ||
|---|---|---|---|
| 008 | 120416s1990 ||||||||||||||||| || u | ||
| 050 | _aTJ 212.5 Che | ||
| 100 | _aChesmond, C. J | ||
| 245 | 1 | 0 | _aBasic control system technology |
| 260 |
_aLondon _bEdward Arnold _c1990 |
||
| 300 | _av, 362p. : ill. | ||
| 350 | _a0.00 | ||
| 995 |
_D0.00 _FCBU-MAIN LIBRARY (Kitwe) _H2 _I25.00 _UAVAILABLE _ZMain Library Open Access Collection |
||
| 995 |
_D0.00 _FCBU-MAIN LIBRARY (Kitwe) _H1 _I25.00 _UAVAILABLE _ZMain Library Open Access Collection |
||
| 999 |
_c80990 _d80990 |
||